| 000 | 01172nam a22003257a 4500 | ||
|---|---|---|---|
| 003 | CHAP | ||
| 005 | 20220817043312.0 | ||
| 008 | 971013s r 00010 d | ||
| 010 | _a71153 | ||
| 011 | _a72125 | ||
| 035 | _a81679 | ||
| 040 | _cCHAP | ||
| 090 | _aFolleto 4831 | ||
| 100 | 0 | 0 |
_aCámara Nacional de la Industria de la Cerveza y de la Malta. México. _924013 |
| 245 | _aPreparación del terreno para una buena siembra de cebada maltera | ||
| 260 |
_a(México, D.F.) : _b(s.n.), _c(19-?) |
||
| 300 |
_a22 p. _b: ilus. |
||
| 490 |
_aCámara Nacional de la Industria de la Cerveza y de la Malta. Boletín _v; 2 |
||
| 590 |
_aBATCH-UPD _b10 _c20130110 _lUCH01 _h0721 |
||
| 590 |
_aBATCH-UPD _b10 _c20130410 _lUCH01 _h0405 |
||
| 590 |
_aBATCH-UPD _b10 _c20130914 _lUCH01 _h0904 |
||
| 590 |
_aCONVERSION _b10 _c20130109 _lUCH01 _h1339 |
||
| 650 | 1 | 4 | _aCebada maltera. |
| 650 | 1 | 4 |
_aLabranza. _964303 |
| 830 | 0 |
_aCámara Nacional de la Industria de la Cerveza y de la Malta. Boletín _v; 2 _924012 |
|
| 901 | _aBK | ||
| 942 | _cFOLL | ||
| 949 |
_aFolleto 4831 _bBC _cFOLL _d-35255 _eTS1 _i81679 _mD _si |
||
| 949 |
_aFolleto 4831 _bBC _cFOLL _d-35256 _eTS2 _fc.2 _i81679 _mD _si |
||
| 999 |
_c71153 _d71153 |
||